Normal view
MARC view
- Henry, E. R
Entry Personal Name
001 - CONTROL NUMBER
- control field: 49827
003 - CONTROL NUMBER IDENTIFIER
- control field: NUST
005 - DATE AND TIME OF LATEST TRANSACTION
- control field: 20210314134442.0
008 - FIXED-LENGTH DATA ELEMENTS
- fixed length control field: 210314|| aca||aabn | a|a d
040 ## - CATALOGING SOURCE
- Original cataloging agency: NUST
- Transcribing agency: NUST
100 ## - HEADING--PERSONAL NAME
- Personal name: Henry, E. R
670 ## - SOURCE DATA FOUND
- Source citation: Work cat.: (NUST): Henry, E. R., Classification and uses of finger prints., 1900.
